Statistics for Geographic Straight Lines # 4

Click here to take the quiz!

General Stats

  • This quiz has been taken 34 times
  • The average score is 10 of 10

Answer Stats

Answer% Correct
Italy
100%
Greece
97%
Thailand
97%
Turkey
97%
India
94%
Iran
94%
Iraq
94%
Myanmar
94%
Pakistan
94%
Syria
94%

Score Distribution

Percentile by Number Answered

Percent of People with Each Score

Your Score History

You have not taken this quiz